Nghiên cứu biến tính mùn cưa làm vật liệu hấp phụ chất màu hữu cơ trong nước
Tổng quan lý thuyết; Nguyên liệu và phương pháp nghiên cứu; Kết quả và thảo luận; ...
محفوظ في:
| المؤلف الرئيسي: | |
|---|---|
| مؤلفون آخرون: | |
| التنسيق: | كتاب |
| اللغة: | Vietnamese |
| منشور في: |
Đà Nẵng
Đại học Đà Nẵng
2013
|
| الموضوعات: | |
| الوسوم: |
إضافة وسم
لا توجد وسوم, كن أول من يضع وسما على هذه التسجيلة!
|
| Thư viện lưu trữ: | Mạng thư viện Đại học Đà Nẵng |
|---|
| LEADER | 01573nam a2200361 4500 | ||
|---|---|---|---|
| 001 | 000019475 | ||
| 003 | 15910 | ||
| 005 | 20140507140526.0 | ||
| 008 | 140507s2013 viesd | ||
| 041 | |a vie | ||
| 082 | 1 | 4 | |a 674.84 |b PH-T |
| 100 | |a Phạm Thị Thanh Truyền | ||
| 245 | |a Nghiên cứu biến tính mùn cưa làm vật liệu hấp phụ chất màu hữu cơ trong nước |c Phạm Thị Thanh Truyền ; Lê Tự Hải hướng dẫn. |k Luận văn Thạc sĩ | ||
| 260 | |a Đà Nẵng |b Đại học Đà Nẵng |c 2013 | ||
| 300 | |a 80 tr., phụ lục 12 tr. |c 29 cm. |e Tóm tắt | ||
| 500 | |a Luận văn thạc sĩ Khoa học. Chuyên ngành: Hóa hữu cơ. Mã số: 60.44.27 | ||
| 520 | |a Tổng quan lý thuyết; Nguyên liệu và phương pháp nghiên cứu; Kết quả và thảo luận; ... | ||
| 650 | 0 | 4 | |a Vật liệu hấp phụ |v Luận văn tốt nghiệp |x Mùn cưa |x Chất màu hữu cơ |
| 653 | |a Vật liệu hấp phụ | ||
| 653 | |a Mùn cưa | ||
| 653 | |a Chất màu hữu cơ | ||
| 653 | |a Hóa hữu cơ | ||
| 700 | 1 | |a Lê Tự Hải |c PGS.TS | |
| OWN | |a LSP | ||
| AVA | |a UDN50 |b LSP |d 674.84 PH-T |e available |t Error 5001 Not defined in file expand_doc_bib_avail. |f 1 |g 0 |h N |i 0 |k 1 | ||
| 999 | |a From the UDN01 | ||
| AVA | |a UDN50 |b LSP |d 674.84 PH-T |e available |t Error 5001 Not defined in file expand_doc_bib_avail. |f 1 |g 0 |h N |i 0 |k 1 | ||
| TYP | |a Monograph | ||
| TYP | |a Printed language | ||
| 980 | |a Mạng thư viện Đại học Đà Nẵng | ||